Integrating knowledge-based and database management systems /

Enregistré dans:
Détails bibliographiques
Auteur principal: Kerry, Ruth (Auteur)
Format: Livre
Langue:anglais
Publié: New York : Ellis Horwood, 1990
Sujets:
Tags: Ajouter un tag
Pas de tags, Soyez le premier à ajouter un tag!

MARC

LEADER 00000nam a22000003a 4500
001 stu2817
005 20150617225616.4
008 921221s1990----xxu-----------------eng-d
020 |a 0-13-466772-7 
040 |a STU  |b slo 
041 0 |a eng 
044 |a xxu 
080 |a 681.32.016 
080 |a 519.683.5 
080 |a 681.322.06 
080 |a 519.685  |7 stu_us_auth*stu8263 
100 1 |a Kerry, Ruth  |4 aut 
245 1 |a Integrating knowledge-based and database management systems /  |c [aut.] Kerry,Ruth 
260 |a New York :  |b Ellis Horwood,  |c 1990 
300 |a 379 s 
650 7 |a znalostné systémy  |2 stusub 
650 7 |a dátabázové riadiace systémy  |2 stusub 
650 7 |a informatika  |2 stusub 
650 7 |a informačné systémy  |2 stusub 
650 7 |a spracovanie dát  |2 stusub 
996 |c I*10DS4679  |l II680  |s A  |a 24  |w stu2817_0001